00445nam a22001457a 4500008004100000040005500041080001900096100002400115245005500139246002900194260003400223300001100257650001500268653001600283230628b |||||||| |||| 00| 0 eng d aNational Science LibrarycNational Science Library a82-32MOHbQ8,1 aMohanty, Bimalendu  aउत्कल गौरव मधुसूदन aUtkal Gourav Madhusudan  aOdisha: bVishwamukti, c2018 a112p.  aBiography  aLiterature